| 000 | 00899nam a2200277 a 4500 | ||
|---|---|---|---|
| 001 | 006 | ||
| 003 | DO-SdBNP | ||
| 005 | 20170915134253.0 | ||
| 007 | 006 | ||
| 008 | 110318s20uu sp 000 0 spa d | ||
| 020 | _a9788475552484 | ||
| 040 |
_aBPMSU _bspa _cBPMSU |
||
| 041 | 1 | 7 | _aspa. |
| 082 | 4 |
_a616.026 _bF375c |
|
| 100 | _4Fred F Ferri | ||
| 245 | 0 | 0 |
_aFerri, consultor clínico de medicina interna : _bclaves diagnósticas y tratamiento /. _cFred F. Ferri |
| 260 |
_aBrcelona : _bOcéano, _c200?] |
||
| 300 |
_a1437 p. : _bil. ; _c26 cm. |
||
| 500 | _aIncluye índice | ||
| 534 |
_atítulo original : _bFerri's clinical advisor : instant diagnosis and treatment |
||
| 650 |
_aMEDICINA CLÍNICA _vMANUALES, ETC. |
||
| 650 |
_aCUIDADOS PRIMARIOS (MEDICINA) _vMANUALES, ETC. |
||
| 942 |
_2ddc _cBK |
||
| 945 | _aInventariado /2017 VM | ||
| 956 |
_aVMATEO _b10 _c20150917 _lBPMSU _h00151 |
||
| 999 |
_c8258 _d8258 |
||